000 01576nam a2200361 a 4500
001 25978
003 CO-ViMGA
005 20230915232141.0
006 a5342083
008 141112s2004 ck r 000 u spa d
015 _aMON1305
017 _aM 40081 - 2012 Oficina Depósito Legal Madrid
020 _a9788478845484
035 _a(OCoLC)864205223
040 _aCO-ViMGA
_bspa
_cCO-ViMGA
041 _aspa und
080 _a061.235(44)
082 0 4 _a364.662 C78
245 1 0 _aEl cruce de saberes y de prácticas :
_bcuando personas en situación de pobreza, universitarios y profesionales piensan y se forman juntos :
_bestudio sobre la pobreza grupos de investigación Cuarto Mundo - Universidad, Cuarto Mundo Colaborador ; [traducción Jorge Mónera - Garcés, con la colaboración de Bruno Couder y Sarah Mónera - Carteau]
260 _aMadrid :
_bPopular D.L. 2012
300 _a2 v. (393, 397 p.) 23 cm
336 _aTexto (visual) isbdcontent
337 _asin mediación isbdmedia
490 _aSociologías 18 - 19
504 _aBibliografía
610 _aGrupo de Investigación Cuarto Mundo - Universidad - embne
_940544
650 1 4 _aPobreza
_948222
710 _aGrupo de Investigación Cuarto Mundo - Universidad
_940545
926 _aBNALCALA SG_PETANTI 12/917229 V. 1 FONDO_MODE 1
942 _2ddc
_cBK
956 _a2
980 _a852. 40 SpMaBN BNALCALA DL/2174907 - DL/2174908 CONSERVACI 853. 20 1 v. 863. 43 1.1 1 M 40081 - 2012 978 - 84 - 7884 - 548 - 4 863. 43 1.1 1 M 40082 - 2012 978 - 84 - 7884 - 549 - 1 866. 40 0 2 v.
999 _c33213
_d33213